| 000 | 00854na a2200277 4500 | ||
|---|---|---|---|
| 001 | 12861 | ||
| 003 | MIRAKIL | ||
| 005 | 20181213155311.0 | ||
| 008 | 160827b tu 000 0 | ||
| 020 | _a9786053991717 | ||
| 035 | _a12861 | ||
| 040 |
_aMilas _btur _cTR-AnCHP |
||
| 082 |
_a155.9 _bG76ç 2010 |
||
| 090 | _a155.9 G76ç 2010 | ||
| 100 | _aGöregenli, Melek | ||
| 245 |
_aÇevre psikolojisi _binsan mekan ilişkileri _cMelek Göregenli ; editör Murat Paker |
||
| 246 | _aİnsan mekan ilişkileri | ||
| 260 |
_aİstanbul _bİstanbul Bilgi Üniversitesi Yayınları _c2010 |
||
| 300 |
_aX, 249 _btbl. ; res. _c23 sm |
||
| 490 |
_aPsikanaliz/Psikoloji dizisi _v4 |
||
| 490 |
_aİstanbul Bilgi Üniversitesi yayınları _v317 |
||
| 504 | _aKaynakça var | ||
| 650 | _aÇevre psikolojisi | ||
| 700 | _aPaker, Murat | ||
| 942 |
_2ddc _cBKS |
||
| 999 |
_c10220 _d10220 |
||